ՀՀ Գիտությունների ազգային ակադեմիայի հիմնարար գիտական գրադարան  =   Fundamental Scientific Library of NAS RA

Метель : (Record no. 240222)

MARC details
000 -LEADER
fixed length control field 00654nam a2200193 a 4500
001 - CONTROL NUMBER
control field 000659085
003 - CONTROL NUMBER IDENTIFIER
control field AM-YeHGA
005 - DATE AND TIME OF LATEST TRANSACTION
control field 20250617141524.0
008 - FIXED-LENGTH DATA ELEMENTS--GENERAL INFORMATION
fixed length control field 090519s1964 ||| r 000 0 rus d
040 ## - CATALOGING SOURCE
Original cataloging agency AM-YeHGA
041 0# - LANGUAGE CODE
Language code of text/sound track or separate title rus
090 ## - LOCALLY ASSIGNED LC-TYPE CALL NUMBER (OCLC); LOCAL CALL NUMBER (RLIN)
-- 241798
100 1# - MAIN ENTRY--PERSONAL NAME
Personal name Дамиан, Елена Степановна
245 10 - TITLE STATEMENT
Title Метель :
Remainder of title [Повесть] /
Statement of responsibility, etc. Елена Дамиан ; Пер. с мол. Э. Смирновой.
260 ## - PUBLICATION, DISTRIBUTION, ETC.
Place of publication, distribution, etc. Кишинев :
Name of publisher, distributor, etc. Картя Молдовеняскэ,
Date of publication, distribution, etc. 1964.
300 ## - PHYSICAL DESCRIPTION
Extent 258 с. :
Other physical details ил.
653 0# - INDEX TERM--UNCONTROLLED
Uncontrolled term Молдавская литература
700 1# - ADDED ENTRY--PERSONAL NAME
Personal name Смирнова, Э.
Numeration пер.
Titles and other words associated with a name trl
Holdings
Withdrawn status Lost status Damaged status Not for loan Collection Home library Current library Date acquired Cost, normal purchase price Total checkouts Full call number Barcode Date last seen Price effective from Koha item type Public note
        General Fundamental Scientific Library Fundamental Scientific Library 29/12/2016 2.00   PI/10244 FL0113027 29/12/2016 29/12/2016 Գրքեր / Books 30 Days Loan


ՀՀ ԳԱԱ հիմնարար գիտական գրադարան
ՀՀ,Երևան 0019
Մարշալ Բաղրամյան 24/6
հեռախոս:(374-10) 52-47-50
Հետադարձ կապ

All site content, except where otherwise noted, is licensed under a
Creative Commons License